TB. OF TUBERCULOSIS & NONTUBERCULOUS MYCOBACTERIAL DISEASES (Record no. 25480)

MARC details
000 -LEADER
fixed length control field 00457nam a22001697a 4500
003 - CONTROL NUMBER IDENTIFIER
control field SGT
020 ## - INTERNATIONAL STANDARD BOOK NUMBER
International Standard Book Number 9789389129212
082 ## - DEWEY DECIMAL CLASSIFICATION NUMBER
Classification number 616.995
Item number T20S
100 ## - MAIN ENTRY--PERSONAL NAME
Personal name SHARMA, SURENDRA K.
245 ## - TITLE STATEMENT
Title TB. OF TUBERCULOSIS & NONTUBERCULOUS MYCOBACTERIAL DISEASES
250 ## - EDITION STATEMENT
Edition statement 3RD
260 ## - PUBLICATION, DISTRIBUTION, ETC. (IMPRINT)
Place of publication, distribution, etc INDIA
Name of publisher, distributor, etc JAYPEE PUB
Year of Publication 2020
300 ## - PAGE DESCRIPTION
No. of Pages 978
650 ## - SUBJECT ADDED ENTRY--TOPICAL TERM
Topical term or geographic name as entry element PULMONARY MEDICINE
653 ## - KEYWORDS--INDEX TERM
Keyword term TUBERCULOSIS & NONTUBERCULOUS MYCOBACTERIAL DISEASES
942 ## - ADDED ENTRY ELEMENTS (KOHA)
Source of classification or shelving scheme Dewey Decimal Classification
Koha item type Books
Holdings
Withdrawn status Lost status Source of classification or shelving scheme Damaged status Not for loan Collection code Home library Current library Shelving location Date acquired Vendor Name Cost, normal purchase price SGTU Bill Number Total Checkouts Full call number Accession No. (Barcode) Date last seen Bill Date Koha item type
    Dewey Decimal Classification   Not For Loan MEDICAL SGT Medical Library SGT Medical Library Reference Book 23/12/2023 ABC DELHI 5795.00 SGTU 17259   616.995 T20S FM14377 23/12/2023 18/08/2023 Books